Statistiques concernant Les 10 pays asiatiques ayant le plus de touristes

Cliquez ici pour prendre le quiz!

Statistiques générales

  • Ce quiz a été pris 4,485 fois
    (458 depuis la dernière actualisation)
  • Le résultat moyen est 8 sur 10

Statistiques - réponses

# arrivées Pays % Correct
62,9 MChine
100%
31,1 MJapon
99%
17,4 MInde
95%
38,3 MThaïlande
93%
15,3 MCorée du Sud
87%
15,5 MViêt Nam
87%
25,8 MMalaisie
70%
45,8 MTurquie
70%
15,3 MArabie Saoudite
54%
15,9 MÉmirats arabes unis
50%

Distribution des résultats

Percentile by Number Answered

% des personnes avec chaque résultat

Votre développement - résultats

Vous n’avez pas pris ce quiz depuis la dernière actualisation